Learn Red Hat Linux server tips / (Record no. 62062)

000 -LEADER
fixed length control field 01081cam a22003014a 4500
001 - CONTROL NUMBER
control field 11848437
003 - CONTROL NUMBER IDENTIFIER
control field NUST-PNEC
005 - DATE AND TIME OF LATEST TRANSACTION
control field 20170116180738.0
008 - FIXED-LENGTH DATA ELEMENTS--GENERAL INFORMATION
fixed length control field 991123s2000 txua 001 0 eng
010 ## - LIBRARY OF CONGRESS CONTROL NUMBER
LC control number 99059496
020 ## - INTERNATIONAL STANDARD BOOK NUMBER
International Standard Book Number 1556227140
020 ## - INTERNATIONAL STANDARD BOOK NUMBER
International Standard Book Number 817656236X
040 ## - CATALOGING SOURCE
Original cataloging agency DLC
Transcribing agency PNEC
Modifying agency DLC
042 ## - AUTHENTICATION CODE
Authentication code pcc
050 00 - LIBRARY OF CONGRESS CALL NUMBER
Classification number QA76.9.C55
Item number D67 2000
082 00 - DEWEY DECIMAL CLASSIFICATION NUMBER
Classification number 005.44769 DOS
Edition number 21
100 1# - MAIN ENTRY--PERSONAL NAME
Personal name Doss, George M.
245 10 - TITLE STATEMENT
Title Learn Red Hat Linux server tips /
Statement of responsibility, etc. George M. Doss.
260 ## - PUBLICATION, DISTRIBUTION, ETC.
Place of publication, distribution, etc. Plano, TX / New Delhi :
Name of publisher, distributor, etc. Wordware Pub/ BPB Publications,
Date of publication, distribution, etc. c2000.
300 ## - PHYSICAL DESCRIPTION
Extent xxxvi, 400 p. :
Other physical details ill. ;
Dimensions 24 cm.
500 ## - GENERAL NOTE
General note Includes Index
630 00 - SUBJECT ADDED ENTRY--UNIFORM TITLE
Uniform title Linux.
650 #0 - SUBJECT ADDED ENTRY--TOPICAL TERM
Topical term or geographic name entry element Client/server computing.
General subdivision Computer, MIS
856 ## - ELECTRONIC LOCATION AND ACCESS
Uniform Resource Identifier <a href="https://www.worldcat.org/title/learn-red-hat-linux-server-tips/oclc/42921397&referer=brief_results">https://www.worldcat.org/title/learn-red-hat-linux-server-tips/oclc/42921397&referer=brief_results</a>
906 ## - LOCAL DATA ELEMENT F, LDF (RLIN)
a 7
b cbc
c orignew
d 1
e ocip
f 19
g y-gencatlg
942 ## - ADDED ENTRY ELEMENTS (KOHA)
Source of classification or shelving scheme
Koha item type Book
Holdings
Withdrawn status Lost status Source of classification or shelving scheme Damaged status Not for loan Permanent Location Current Location Shelving location Date acquired Cost, normal purchase price Total Checkouts Full call number Barcode Date last seen Cost, replacement price Price effective from Koha item type
          Pakistan Navy Engineering College (PNEC) Pakistan Navy Engineering College (PNEC)   09/12/2000 230.00   005.44769 DOS PNECLIB-022711 12/08/2014 230.00 09/12/2000 Book
© 2023 Central Library, National University of Sciences and Technology. All Rights Reserved.